Central Library OPAC University of Rajshahi

Algebra / (Record no. 8768)

MARC details
000 -LEADER
fixed length control field 00585nam a22002052 4500
001 - CONTROL NUMBER
control field 8768
003 - CONTROL NUMBER IDENTIFIER
rucl marc code BD-RjUL
005 - DATE AND TIME OF LATEST TRANSACTION
control field 20211208234640.0
008 - FIXED-LENGTH DATA ELEMENTS--GENERAL INFORMATION
fixed length control field 140119r19651947enka 000 0 eng d
035 ## - SYSTEM CONTROL NUMBER
System control number (BD-RjUL )8813
-- OCLC ocm04580991 from D971008M
040 ## - CATALOGING SOURCE
Original cataloging agency XAV
Transcribing agency XAV
Modifying agency EQO
-- BD-RjUL
Language of cataloging eng
041 ## - LANGUAGE CODE
Language code of text/sound track or separate title eng
082 04 - DEWEY DECIMAL CLASSIFICATION NUMBER
Edition number 19
Classification number 512
Author mark and year PAA 1965
100 1# - MAIN ENTRY--PERSONAL NAME
Personal name Page, A.
9 (RLIN) 21630
245 10 - TITLE STATEMENT
Title Algebra /
Statement of responsibility, etc. by A. Page.
260 ## - PUBLICATION, DISTRIBUTION, ETC. (IMPRINT)
Place of publication, distribution, etc. London :
Name of publisher, distributor, etc. University of London Press,
Date of publication, distribution, etc. 1947[Reprinted 1965].
300 ## - PHYSICAL DESCRIPTION
Pagination vii, 346 p. :
Illustrations ill. ;
Size 23 cm.
650 #0 - SUBJECT ADDED ENTRY--TOPICAL TERM
Topical term or geographic name as entry element Algebra.
9 (RLIN) 27264
942 ## - ADDED ENTRY ELEMENTS (KOHA)
Source of classification or shelving scheme Dewey Decimal Classification
Koha item type Books
Holdings
Lost status Source of classification or shelving scheme Damaged status Not for loan Permanent Location Current Location Shelving location Date acquired Source of acquisition Cost, normal purchase price Total Checkouts Full call number Date last seen Copy number Koha item type
  Dewey Decimal Classification     Central Library, University of Rajshahi Central Library, University of Rajshahi   15/12/1973 Elitali prakasoni 52.50   512 PAA 1965 19/01/2014 C-3 Books